1259 1970 1215 1698 1851 1050 1876 1030 1582 1469 1561 1243 1803 1398 1371 1708 1532 1266 1212 1109 1951 1434 1102 1533 1621 1567 1292 1223 1361 1826 1604 1363 1212 1885 1594 1488 1153 1371 1386 1941 1907 1189 1317 1295 1034 1411 1655 1775 1405 1291 1652 1543 1701 1062 1818 1093 1510 1923 1696 1506 1338 1368 1692 1859 1801 1095 1929 1259 1551 1716 1323 1092 1093 1660 1232 1519 1083 1563 1029 1873 1572 1283 1606 1129 1864 1526 1656 1019 1633 1537 1846 1436 1943 1706 1420 1802 1546 1492 1627 BCNSPRNW ULIB Ver.6.0+V

เปลี่ยนเป็นภาษาไทย

Change to English
 แสดงรายละเอียดบรรณานุกรม
  กลับหน้าหลัก

Brief Record : Get Marc (ISO 2709) : E-mail record : QR code < ปิดหน้าต่าง
LEADER : 00000nam 2200000uu 4500
001    13399120077
003     ULIB
008    020711s|||| th a 000 0 tha d
020    9789741614813
099    นว.^bอ111ม
100    อ.ไชยวรศิลป์
245    แม่สายสะอื้น/^cอ.ไชยวรศิลป์
260     ^bม.ป.ท.,^cม.ป.ป.
300    367 หน้า หน้า
945    ^p245^l0^i024489
999    ^aวรรณษา ชูชัยมงคล
รายการนี้ยังไม่มีแท็ก
คุณยังไม่ได้ล็อกอิน คุณสามารถมีกิจกรรมร่วมกับเว็บไซต์ได้ แต่ต้องล็อกอินก่อน ::
  ล็อกอิน

รายการสื่อสารสนเทศ

ลำดับที่ ประเภท เลขเรียก/บาร์โค้ด สถานที่ สถานะ
1. นวนิยาย
นวนิยาย
นว. อ111ม ฉ.1 
  Barcode: 024489
ห้องสมุดวิทยาเขตสวรรค์ประชารักษ์
►นวนิยาย
บนชั้น
  ขอยืม

BibComment


ยังไม่เคยถูกคอมเมนท์

คอมเมนท์ทรัพยากรรายการนี้
  คอมเมนท์: แม่สายสะอื้น อไชย..


 Copyright 2026. Bcnsprnw @Library